Анализ рядовых проб Ново-Шульбинских песков на определение титаново-цирконовых минералов: Отчет о НИР № 1; Тема: х/д № 46/63

מידע ביבליוגרפי
מחבר תאגידי: Томский политехнический институт (ТПИ) (595)
מחברים אחרים: Бабенко С. А. (руководитель), Болоткина Н. Т. (исполнитель)
שפה:רוסית
יצא לאור: Томск, 1964
נושאים:
פורמט: ספר
KOHA link:https://koha.lib.tpu.ru/cgi-bin/koha/opac-detail.pl?biblionumber=188976

MARC

LEADER 00000nbm0a2200000 4500
001 188976
005 20231031175129.0
035 |a (RuTPU)RU\TPU\book\205271 
090 |a 188976 
100 |a 20101216d1964 k y0rusy50 ca 
101 0 |a rus 
102 |a RU 
105 |a a p 000zy 
200 1 |a Анализ рядовых проб Ново-Шульбинских песков на определение титаново-цирконовых минералов  |e Отчет о НИР № 1  |e Тема: х/д № 46/63  |f Томский политехнический институт (ТПИ) ; руководитель С. А. Бабенко ; Н. Т. Болоткина 
210 |a Томск  |d 1964 
215 |a 42 л. 
610 1 |a отчеты о НИР 
610 1 |a титано-цирконовые минералы 
610 1 |a ново-шульбинские пески 
610 1 |a пробы 
610 1 |a отмывка 
610 1 |a минералогический анализ 
610 1 |a химический анализ 
610 1 |a данные 
610 1 |a математическая обработка 
675 |a 550.81  |v 3 
675 |a 553.494  |v 3 
702 1 |a Бабенко  |b С. А.  |4 673 
702 1 |a Болоткина  |b Н. Т.  |4 677 
712 0 2 |a Томский политехнический институт (ТПИ)  |c (1944-1991)  |2 stltpush  |3 (RuTPU)RU\TPU\col\1123  |4 595 
801 1 |a RU  |b 63413507  |c 20101216 
942 |c BK